[Event "ICS rated blitz match"]
[Site "207.99.83.227"]
[Date "1999.05.09"]
[Round "?"]
[White "attakinski"]
[Black "Hossa"]
[Result "1-0"]
[WhiteElo "2675"]
[BlackElo "2419"]
[Annotator "Crafty v16.6"]
[PlyCount "64"]

{annotating for player ossa using a scoring margin of +0.20 pawns. search time
limit is 1:00} 1. c4 1... g6 2. Nc3 e5 3. d4 Bg7 4. e3 exd4 5. exd4 Ne7 6. Nf3
O-O 7. Bg5 Nbc6 ({10:-0.31} 7... Nbc6 8. d5 f6 9. Bd2 Nb4 10. Be2 Re8 11. O-O
Nf5 12. Re1 $14) ({10:-0.01} 7... h6 8. Bxe7 Qxe7+ 9. Be2 Re8 10. O-O d6 11.
Bd3 Bg4 12. Nd5 12... Qd7 $10) 8. d5 f6 9. Bh4 Nb4 10. a3 Na6 11. Bd3 Nc5 ({
10:-0.27} 11... Nc5 12. Bc2 d6 13. Nd4 g5 14. Bg3 f5 15. b4 Bxd4 16. Qxd4 16...
Nd7 $10) ({10:-0.05} 11... d6 12. O-O Nc5 13. Nd4 Nxd3 14. Qxd3 Nf5 15. Nxf5
Bxf5 16. Qd4 Re8 17. Rae1 $10) 12. Bc2 Re8 ({10:-0.65} 12... Re8 13. O-O d6 14.
Nd4 g5 15. Bg3 f5 16. b4 f4 17. Bxf4 gxf4 18. bxc5 18... dxc5 $14) ({10:-0.20} 
12... d6 13. Nd4 g5 14. Bg3 f5 15. b4 Na6 16. f4 gxf4 17. Bxf4 17... Re8 $10)
13. O-O b6 14. b4 Nb7 15. Re1 Nd6 16. c5 Nf7 17. d6 cxd6 18. cxd6 Nc6 19. Rxe8+
Qxe8 20. Nd5 Qd8 21. b5 Nce5 ({10:-2.26} 21... Nce5 22. Nxe5 Nxe5 23. Nxb6 Rb8
24. Nxc8 Rxc8 25. Bb3+ Kf8 26. Qd4 Rb8 27. Qd5 27... Rc8 $18) ({10:-1.77} 21...
Na5 22. Qd4 Bb7 23. Nxf6+ Kh8 24. Ne5 Bxf6 25. Nxf7+ Kg7 26. Bxf6+ Qxf6 27. Ne5
Nc4 28. Qxc4 28... Qxe5 $18) 22. Nxe5 Nxe5 23. Ne7+ Kh8 24. f4 Qf8 ({11:-5.13} 
24... Qf8 25. fxe5 fxe5 26. Bxg6 Qf4 27. Bg3 Qd4+ 28. Qxd4 exd4 29. Be4 Rb8 30.
Nxc8 Rxc8 31. Kf2 $18) ({11:-4.14} 24... Qe8 25. fxe5 fxe5 26. Be4 Rb8 27. Rc1
Qf8 28. Qf1 Qe8 29. Rc7 29... a6 $18) 25. fxe5 fxe5 26. Bxg6 Qf4 27. Bg3 Qe3+ (
{10:-7.24} 27... Qe3+ 28. Bf2 Qh6 29. Qd5 Bb7 30. Qxb7 Rf8 31. Bxh7 Qxd6 32.
Nf5 32... Qd3 $18) ({10:-6.98} 27... Qg5 28. Qd5 Bb7 29. Qxb7 Rf8 30. Bxh7 Kxh7
31. Qxd7 Qe3+ 32. Kh1 32... e4 $18) 28. Bf2 Qg5 ({11:-7.65} 28... Qg5 29. Be4
Rb8 30. Qc1 Qf4 31. Qxf4 exf4 32. Rc1 Bb2 33. Rxc8+ Rxc8 34. Nxc8 Bxa3 35. Bd4+
Kg8 36. Kf2 $18) ({11:-7.31} 28... Qc3 29. Be4 Rb8 30. Rc1 Qxa3 31. Nxc8 Bh6
32. Rc7 Be3 33. Nxa7 Bxf2+ 34. Kxf2 34... Qb4 $18) 29. Qd5 Bb7 30. Qxb7 Rf8 31.
Be4 Qg4 32. Re1 Bh6 1-0

[Event "ICS rated blitz match"]
[Site "207.99.83.227"]
[Date "1999.05.10"]
[Round "?"]
[White "Hossa"]
[Black "Speedtiger"]
[Result "0-1"]
[WhiteElo "2413"]
[BlackElo "2070"]
[Annotator "Crafty v16.6"]
[PlyCount "110"]

{annotating for player ossa using a scoring margin of +0.20 pawns. search time
limit is 1:00} 1. e4 1... e6 2. Nf3 c5 3. Nc3 a6 4. d4 ({11:+0.26} 4. d4 4...
cxd4 5. Nxd4 Bb4 6. Bd3 Bxc3+ 7. bxc3 Nf6 8. O-O e5 9. Nf3 Qc7 10. Bg5 10...
Qxc3 $10) ({11:+0.53} 4. Be2 4... Nf6 5. O-O Be7 6. e5 Ng4 7. h3 Nh6 8. d4 O-O
9. Bxh6 gxh6 10. dxc5 10... Bxc5 $14) 4... cxd4 5. Nxd4 Qc7 6. Bd3 Nc6 7. Be3 (
{9:+0.35} 7. Be3 7... Nf6 8. Nxc6 Qxc6 9. Bd4 Be7 10. O-O O-O 11. Be5 11... Qc5
$14) ({9:+0.60} 7. Nxc6 7... bxc6 8. O-O Bd6 9. g3 Nf6 10. Bg5 h6 11. Bxf6 gxf6
12. Qh5 $14) 7... Nf6 8. Qd2 ({9:+0.14} 8. Qd2 8... Nxd4 9. Bxd4 e5 10. Be3 Bb4
11. O-O O-O 12. Nb5 Bxd2 13. Nxc7 $10) ({9:+0.42} 8. Nxc6 8... dxc6 9. Qf3 Bb4
10. O-O O-O 11. Ne2 e5 12. Rad1 12... Bg4 $14) 8... Nxd4 9. Bxd4 e5 10. Be3 Bb4
11. O-O Bxc3 12. bxc3 d5 13. exd5 Nxd5 14. Rae1 Be6 15. c4 Ne7 16. f4 ({
10:-0.13} 16. f4 16... O-O 17. Qf2 exf4 18. Bxf4 Qd7 19. Rd1 Qe8 20. Be4 Bxc4
21. Bxb7 Bxf1 22. Bxa8 $10) ({10:+0.22} 16. Rb1 16... O-O 17. Bb6 Qc6 18. Qe2
f6 19. Rfd1 Bf5 20. Qh5 20... Qe6 $10) 16... Bxc4 17. Qc3 Rc8 18. Bxc4 Qxc4 19.
Qxe5 f6 20. Qh5+ Qf7 21. Qxf7+ ({10:-0.64} 21. Qxf7+ 21... Kxf7 22. Re2 Rhe8
23. Rd2 Rc4 24. g4 f5 25. h3 Ra4 26. Rb1 26... Re4 $15) ({10:-0.21} 21. Qf3
21... Qd5 22. Bb6 Qxf3 23. Rxf3 Kf7 24. c3 Nd5 25. Bd4 Rhe8 26. Kf2 Rxe1 27.
Kxe1 $10) 21... Kxf7 22. Re2 Nd5 23. Bd4 ({11:-0.90} 23. Bd4 23... Rc4 24. Rd2
Rhc8 25. c3 b5 26. Rf3 Nxc3 27. Bxc3 Rxc3 28. Rd7+ Kg6 29. Kf2 $17) ({11:-0.47
} 23. Rd1 23... Nxe3 24. Rxe3 Rxc2 25. Rd7+ Kg6 26. a3 b6 27. Rd6 Rc1+ 28. Kf2
Rc4 29. Rg3+ Kf5 30. Rxg7 30... Rxf4+ $15) 23... Rc4 24. Rd2 Rhc8 25. Rff2 Ra4
26. Ba7 Nc3 27. Rd7+ Kg8 28. Rxb7 Rxa2 29. h4 Ne4 30. Re2 Ng3 31. Re6 h5 32.
Rb8 Rxb8 33. Bxb8 Kf7 34. Rc6 Nf5 35. Rc7+ Ke6 36. c4 a5 37. Kh2 a4 38. Kh3 Ra1
39. Kh2 a3 40. Rc6+ Kd7 41. Rc7+ Kd8 42. Rc5 Ne3 43. Bc7+ Ke7 44. Bb6 Nf1+ 45.
Kh3 Rb1 46. Rb5 a2 47. Bc5+ Kf7 48. Bd4 Rd1 49. Rb7+ Kg8 50. g4 Rxd4 51. Ra7
Rd2 52. gxh5 f5 53. Ra8+ Kh7 54. Rxa2 Rxa2 55. c5 Rh2# 0-1

[Event "ICS Rated blitz match"]
[Site "207.99.83.227"]
[Date "1999.05.10"]
[Round "?"]
[White "RedBear"]
[Black "Hossa"]
[Result "1-0"]
[WhiteElo "2475"]
[BlackElo "2385"]
[Annotator "Crafty v16.6"]
[PlyCount "96"]

{annotating for player ossa using a scoring margin of +0.20 pawns. search time
limit is 1:00} 1. d4 1... Nf6 2. Nf3 e6 3. c4 d5 4. Nc3 Be7 5. Bg5 O-O 6. e3
Nc6 7. Rc1 h6 8. Bh4 Re8 9. Be2 dxc4 10. Bxc4 Bd7 11. O-O Ng4 12. Bxe7 Qxe7 13.
Nb5 Rac8 ({10:-0.59} 13... Rac8 14. h3 Nf6 15. Ne5 a5 16. Nxc6 bxc6 17. Nc3 c5
18. a4 cxd4 19. Qxd4 $14) ({10:-0.35} 13... Rec8 14. Be2 a6 15. Nc3 Nb4 16. Nd2
Nf6 17. Re1 Nfd5 18. Nde4 $14) 14. h3 Nf6 15. a3 a6 16. Nc3 Rcd8 17. Qc2 Rf8
18. Ne4 e5 19. d5 Na5 ({9:-1.04} 19... Na5 20. Nxf6+ Qxf6 21. Be2 e4 22. Qxe4
Qxb2 23. Bd3 f5 24. Qe7 24... Rfe8 $16) ({9:-0.70} 19... Na7 20. Nh4 Kh8 21.
Nxf6 Qxf6 22. Qe4 Bb5 23. Nf5 Bxc4 24. Rxc4 24... Nb5 $14) 20. Nxf6+ Qxf6 21.
Bd3 Bxh3 ({10:-1.62} 21... Bxh3 22. b4 Bg4 23. Nh2 Bc8 24. Bh7+ Kh8 25. Be4 c6
26. bxa5 cxd5 27. Bd3 $18) ({10:-0.99} 21... c6 22. b4 cxd5 23. bxa5 e4 24.
Bxe4 dxe4 25. Qxe4 Bc6 26. Qe5 Qxe5 27. Nxe5 $16) 22. b4 Bg4 23. Nh2 Bc8 24.
bxa5 Rxd5 25. Bh7+ Kh8 26. Be4 Rd7 27. Qc5 Re8 28. Nf3 Qe6 29. Qc2 Rde7 30.
Rfd1 Qg4 31. Nh2 Qh4 32. Qb1 c6 33. Nf3 Qg4 34. Qb4 f5 35. Rd8 Rxd8 36. Qxe7
Rg8 37. Bd3 Qh5 38. Nxe5 Kh7 39. Nf7 Qg4 40. Nd6 Qg6 41. Rc5 Qh5 42. f3 b5 43.
axb6 Kh8 44. b7 Bxb7 45. Nf7+ Qxf7 46. Qxf7 Bc8 47. Rxc6 a5 48. Bc4 Be6 1-0

[Event "ICS rated blitz match"]
[Site "207.99.83.227"]
[Date "1999.05.10"]
[Round "?"]
[White "Hossa"]
[Black "Necromancer"]
[Result "1-0"]
[WhiteElo "2373"]
[BlackElo "2029"]
[PlyCount "37"]

1. e4 g6 2. Nf3 Bg7 3. d4 d6 4. Bb5+ c6 5. Be2 Bg4 6. O-O Nf6 7. Nc3 O-O 8. Bg5
h6 9. Bf4 Nbd7 10. Qd2 b5 11. Bxh6 Bxf3 12. Bxg7 Kxg7 13. Bxf3 Rh8 14. e5 dxe5
15. Bxc6 Rb8 16. dxe5 Nxe5 17. Qxd8 Rhxd8 18. Bxb5 Rd2 19. Rae1 {
Necromancer resigns} 1-0

[Event "ICS Rated blitz match"]
[Site "207.99.83.227"]
[Date "1999.05.10"]
[Round "?"]
[White "Hossa"]
[Black "Mysterios"]
[Result "0-1"]
[WhiteElo "2377"]
[BlackElo "2465"]
[Annotator "Crafty v16.6"]
[PlyCount "137"]

{annotating for player ossa using a scoring margin of +0.20 pawns. search time
limit is 1:00} 1. e4 1... d6 2. d4 Nf6 3. Nc3 g6 4. Nf3 Bg7 5. Be2 c6 6. O-O
O-O 7. Bg5 d5 8. e5 Ne4 9. Be3 Nxc3 10. bxc3 Nd7 11. Qd2 f6 12. e6 ({11:-0.56} 
12. e6 12... Nb6 13. a4 a5 14. Bh6 Bxe6 15. Nh4 Bxh6 16. Qxh6 Qd6 17. Rfe1
17... c5 $15) ({11:+0.31} 12. Bh6 12... fxe5 13. Bxg7 Kxg7 14. dxe5 Rf5 15. Qd4
e6 16. Bd3 Rxf3 17. gxf3 Qg5+ 18. Kh1 18... Nxe5 $14) 12... Nb6 13. Bh6 Bxe6
14. Rae1 Qd7 15. Bxg7 Kxg7 16. Nh4 Rae8 17. Qc1 Qd6 18. Kh1 Bd7 19. Nf3 e5 20.
Nd2 Na4 21. Nb1 c5 22. Qd1 h6 23. Kg1 a6 24. Kh1 ({10:-1.27} 24. Kh1 24... Rc8
25. Bf3 cxd4 26. cxd4 e4 27. Be2 Qc6 28. Na3 Nc3 29. Qa1 $17) ({10:-1.05} 24.
Qd2 24... Nb6 25. a3 Rc8 26. Rc1 cxd4 27. cxd4 Bf5 28. Bd3 Nc4 29. Bxc4 29...
Rxc4 $17) 24... Bf5 25. Bf3 Nb6 26. Be2 Rc8 27. Bd3 Bd7 28. Qc1 cxd4 29. cxd4
exd4 30. Qb2 Qc5 31. Nd2 Rc6 32. Nf3 Nc4 33. Qa1 Rcc8 34. Nxd4 Ne5 35. Be2 Nc6
36. c3 Rfe8 37. Nb3 Qd6 38. Qb2 Re4 39. Nd2 Ra4 40. Bd1 Ra5 41. Nb3 Ra3 42. Re3
Ne5 43. Be2 b5 44. Nd4 Nc6 45. Nxc6 Rxc6 46. Bf3 Ra4 47. Rd1 Be6 48. Qb3 Rc5
49. Rde1 Bf7 50. Re7 Rac4 51. R1e3 Rc7 52. Rxc7 Qxc7 53. Qa3 d4 54. Re7 Qc5 55.
Qxc5 Rxc5 56. Be4 Kf8 57. Ra7 dxc3 58. Bc2 Re5 59. h4 Re2 60. Bd3 Rd2 61. Be4
f5 62. Ra8+ Kg7 63. Bf3 c2 64. Rc8 Bc4 65. Rc7+ Kf8 66. Kh2 c1=Q 67. Rc8+ Ke7
68. Rc7+ Kd8 69. Rc6 0-1

[Event "ICS rated blitz match"]
[Site "207.99.83.227"]
[Date "1999.05.10"]
[Round "?"]
[White "emoskow"]
[Black "Hossa"]
[Result "0-1"]
[WhiteElo "2097"]
[BlackElo "2365"]
[PlyCount "60"]

1. e4 e5 2. Nf3 Nf6 3. Nc3 Bb4 4. Nxe5 Qe7 5. Nd3 Bxc3 6. dxc3 Qxe4+ 7. Be2
Qxg2 8. Bf3 Qh3 9. Qe2+ Qe6 10. Rg1 O-O 11. Be3 Nc6 12. O-O-O Qxa2 13. Bh6 Ne8
14. Qe3 Kh8 15. Rxg7 Qa1+ 16. Kd2 Qxd1+ 17. Kxd1 Nxg7 18. Bxg7+ Kxg7 19. Qg5+
Kh8 20. Qf6+ Kg8 21. Nf4 Re8 22. Nh5 Kf8 23. Qg7+ Ke7 24. Nf6 Nd8 25. Nxe8 Kxe8
26. Qxh7 d6 27. Qh8+ Ke7 28. h4 Nc6 29. Bxc6 Bg4+ 30. f3 30... Rxh8 {
emoskow resigns} 0-1

[Event "ICS rated blitz match"]
[Site "207.99.83.227"]
[Date "1999.05.10"]
[Round "?"]
[White "Angharad"]
[Black "Hossa"]
[Result "0-1"]
[WhiteElo "2114"]
[BlackElo "2371"]
[PlyCount "108"]

1. e4 e5 2. Nf3 Nf6 3. Nxe5 Qe7 4. d4 d6 5. Nf3 Qxe4+ 6. Be2 Bf5 7. c4 Nc6 8.
Nc3 Qc2 9. Qxc2 Bxc2 10. Bg5 Be7 11. Bxf6 Bxf6 12. Nd5 Bd8 13. Kd2 Be4 14. Nc3
Bxf3 15. Bxf3 Nxd4 16. Bxb7 Rb8 17. Bd5 Rxb2+ 18. Kd3 Ne6 19. Bxe6 fxe6 20.
Rhf1 Bf6 21. Rab1 Bxc3 22. Kxc3 Rxb1 23. Rxb1 Kd7 24. Rb7 a5 25. Ra7 Rf8 26. f3
Rf5 27. Kd4 Rc5 28. Ra8 Kc6 29. h4 e5+ 30. Kd3 d5 31. cxd5+ Rxd5+ 32. Ke2 g6
33. Rh8 Rd4 34. Rxh7 Ra4 35. Rh6 Rxa2+ 36. Kf1 Kd5 37. Rxg6 a4 38. Ra6 c5 39.
g4 a3 40. g5 Ra1+ 41. Kg2 Ra2+ 42. Kg3 Ra1 43. Kg2 Ra2+ 44. Kg3 Ra1 45. Kg2
Ra2+ 46. Kh3 Ra1 47. g6 Kd4 48. g7 Rg1 49. Rxa3 Rxg7 50. h5 c4 51. Kh4 c3 52.
h6 Rf7 53. Kg4 c2 54. Ra1 54... Kd3 {Angharad resigns} 0-1

[Event "ICS rated blitz match"]
[Site "207.99.83.227"]
[Date "1999.05.10"]
[Round "?"]
[White "Hossa"]
[Black "Angharad"]
[Result "1-0"]
[WhiteElo "2377"]
[BlackElo "2108"]
[PlyCount "99"]

1. e4 c5 2. Nc3 Nc6 3. Nf3 g6 4. Bc4 Bg7 5. d3 e6 6. O-O Nge7 7. Bg5 h6 8. Be3
d5 9. exd5 exd5 10. Bxd5 Nxd5 11. Bxc5 Nde7 12. Re1 O-O 13. Bxe7 Nxe7 14. Qd2
Nc6 15. a4 Bg4 16. Qf4 Bxf3 17. Qxf3 Qd7 18. Qg3 Rfe8 19. Red1 Nd4 20. Rd2 Rac8
21. Rb1 b6 22. Qh4 Qe7 23. Qxe7 Rxe7 24. Rf1 Rce8 25. Ne4 Re6 26. Kh1 f5 27.
Nc3 Re1 28. Kg1 Kf7 29. a5 b5 30. f4 Bf8 31. Rd1 Rxf1+ 32. Rxf1 Nxc2 33. Nxb5
Bc5+ 34. Kh1 Re2 35. Rc1 Be3 36. Rd1 Ke6 37. g3 Re1+ 38. Rxe1 Nxe1 39. d4 Nc2
40. Nxa7 Nxd4 41. a6 Kd7 42. b4 Kc7 43. b5 Ne6 44. Nc6 Bc5 45. Ne5 g5 46. Nf7
Bf8 47. Ne5 Kb6 48. Nd7+ Kc7 49. b6+ Kxd7 50. a7 {Angharad resigns} 1-0

[Event "ICS rated blitz match"]
[Site "207.99.83.227"]
[Date "1999.05.10"]
[Round "?"]
[White "RedBear"]
[Black "Hossa"]
[Result "1/2-1/2"]
[WhiteElo "2497"]
[BlackElo "2383"]
[PlyCount "129"]

1. e4 e5 2. Nf3 Nf6 3. Nxe5 Qe7 4. d4 d6 5. Nf3 Qxe4+ 6. Be2 Bf5 7. c3 Be7 8.
O-O O-O 9. Na3 Nbd7 10. Ng5 Qc6 11. Re1 Rae8 12. g4 Bg6 13. Bb5 Qb6 14. Ba4 d5
15. Nc2 c5 16. Nf3 Qa5 17. Na3 cxd4 18. b4 Qc7 19. Nb5 Qc8 20. Qxd4 a6 21. Na7
Qc7 22. Bf4 Bd6 23. Bxd6 Rxe1+ 24. Rxe1 Qxd6 25. Bxd7 Qxd7 26. Ne5 Qa4 27. Nxg6
hxg6 28. g5 Ne4 29. Qxd5 Nxc3 30. Qxb7 Qxa2 31. Nc8 Qd2 32. Kf1 Qd3+ 33. Kg2
Kh7 34. Ne7 Ne2 35. Qf3 Qxf3+ 36. Kxf3 Nd4+ 37. Kg2 Nf5 38. Kf1 Rb8 39. Nc6 Rc8
40. Ne5 Rb8 41. Nxf7 Rb7 42. Ne5 Rxb4 43. Ra1 Rb5 44. Nd7 a5 45. Re1 Nd4 46.
Re7 Rxg5 47. Nf6+ Kh6 48. Ng8+ Kh5 49. Rxg7 Rb5 50. f4 Rb6 51. Ne7 a4 52. h3
Kh6 53. Rf7 g5 54. fxg5+ Kxg5 55. Rg7+ Kh5 56. Rh7+ Rh6 57. Rxh6+ Kxh6 58. Nd5
a3 59. Nb4 Kh5 60. Ke1 Kh4 61. Kd2 Nc6 62. Nc2 a2 63. Kc3 Kxh3 64. Kb2 a1=Q+
65. Kxa1 {Game drawn because neither player has mating material} 1/2-1/2

[Event "ICS rated blitz match"]
[Site "207.99.83.227"]
[Date "1999.05.10"]
[Round "?"]
[White "Hossa"]
[Black "RedBear"]
[Result "1/2-1/2"]
[WhiteElo "2388"]
[BlackElo "2492"]
[Annotator "Fritz 5.32 (30s)"]
[PlyCount "133"]

1. e4 1... e5 {Opening = C37 - 3.Nf3 g5 (4.Bc4 ---)} 2. f4 exf4 3. Nf3 g5 4. d4
d6 5. h4 g4 6. Ng1 Bh6 (6... f5 7. Bxf4 fxe4 8. Nc3 Nf6 9. d5 Bg7 10. h5 h6 11.
Qd2 Nbd7 12. Nge2 Nb6 13. Ng3 Qe7 14. Bb5+ Bd7 15. Nf5 Qf8 16. O-O O-O-O 17.
Be3 Bxf5 18. Rxf5 Qe7 19. a4 a6 20. Be2 Nbd7 21. Raf1 {
Matros,A-Hector,J/Stockholm SWE 1999/0-1 (41)}) 7. Bb5+ $146 (7. Nc3 Nc6 8.
Nge2 f3 9. Nf4 f2+ 10. Kxf2 g3+ 11. Kxg3 Nf6 12. Bb5 Rg8+ 13. Kf2 Bd7 14. Ncd5
Nxe4+ 15. Kg1 Bxf4 16. Bxf4 Be6 17. c4 Bxd5 18. cxd5 Qf6 19. dxc6 Qxf4 20.
cxb7+ Ke7 21. Qe2 Rxg2+ 22. Qxg2 Rg8 23. Rh2 Qe3+ 24. Kh1 Ng3+ 25. Qxg3 Rxg3
26. Re2 {- Leisebein P-Schulz/corres DDR/BRD 1985 (26)}) 7... c6 8. Bd3 Qa5+ 9.
Nc3 Qb4 10. a3 Qb6 11. Rb1 Qd8 12. Nge2 Qf6 13. O-O f3 14. Qe1 Bxc1 15. Rxc1 b5
16. gxf3 gxf3 17. Qg3 Ne7 18. Rxf3 Qh6 19. Qf4 Rg8+ 20. Kh1 Qxf4 21. Rxf4 Ng6
22. Rg1 Rf8 23. Rf2 Nxh4 24. Rg7 h5 25. Rh2 Nf3 26. Rxh5 Nd7 27. Rh6 a5 28.
Bxb5 cxb5 29. Nxb5 Ra6 30. Nxd6+ Rxd6 31. Rxd6 Bb7 32. Ng3 Rh8+ 33. Kg2 Ne1+
34. Kf2 Nxc2 35. Rxf7 Kxf7 36. Rxd7+ Ke6 37. Rxb7 Rf8+ 38. Kg2 (38. Ke2 Nxd4+
39. Kd3 Ke5 40. Re7+ 40... Kd6 $18) 38... Nxd4 39. b4 axb4 40. axb4 Kd6 41.
Rb6+ Ke5 42. Kh2 Rf2+ 43. Kh3 Rf3 44. Kg4 Rf4+ 45. Kh5 Nf3 46. Rb5+ Ke6 47. Kh6
Rh4+ 48. Rh5 Rg4 49. Nf5 Rxe4 50. Ng7+ Kd6 51. Rb5 Kc6 52. Rb8 Kc7 53. Rf8 Rh4+
54. Nh5 Ne5 55. Rf4 Rh2 56. Kg5 Rb2 57. Nf6 Kc6 58. Re4 Nd3 59. Re6+ Kb5 60.
Nd5 Nxb4 61. Nc3+ Kc4 62. Ne4 Nd5 63. Rd6 Rg2+ 64. Kf5 Ne7+ 65. Kf4 Re2 66. Rd2
Rxd2 67. Nxd2+ 1/2-1/2

[Event "ICS rated blitz match"]
[Site "207.99.83.227"]
[Date "1999.05.10"]
[Round "?"]
[White "Hossa"]
[Black "Cicerobr"]
[Result "1-0"]
[WhiteElo "2393"]
[BlackElo "2279"]
[PlyCount "63"]

1. e4 c5 2. Nc3 Nc6 3. Nf3 g6 4. Bc4 Bg7 5. d3 e6 6. O-O Nge7 7. Bg5 O-O 8. Qc1
Na5 9. Bh6 d5 10. Bxg7 Kxg7 11. Bb3 c4 12. dxc4 dxc4 13. Ba4 a6 14. Rd1 Qc7 15.
Qe3 b5 16. b4 Nac6 17. Bxb5 axb5 18. Nxb5 Qb8 19. Qc3+ Kg8 20. a4 Ba6 21. Qxc4
Ne5 22. Qc5 N7c6 23. Nxe5 Nxe5 24. Nd6 Ng4 25. b5 Bb7 26. f3 Rc8 27. Qd4 Nxh2
28. Qf6 Rc7 29. Kxh2 Rd7 30. e5 Qc7 31. c4 Rad8 32. Nxf7 {Cicerobr resigns} 1-0

[Event "ICS rated blitz match"]
[Site "207.99.83.227"]
[Date "1999.05.10"]
[Round "?"]
[White "Malanga"]
[Black "Hossa"]
[Result "0-1"]
[WhiteElo "2044"]
[BlackElo "2404"]
[PlyCount "52"]

1. e4 e5 2. Nf3 Nf6 3. Nxe5 Qe7 4. d4 d6 5. Nf3 Qxe4+ 6. Be2 Bf5 7. c4 Nc6 8.
Nc3 Qc2 9. Qxc2 Bxc2 10. d5 Ne5 11. O-O O-O-O 12. Nd4 Bd3 13. Bxd3 Nxd3 14. Rd1
Re8 15. Nf3 Nb4 16. a3 Nc2 17. Ra2 g5 18. Bxg5 Ne4 19. Nxe4 Rxe4 20. b3 Nxa3
21. Rxa3 a6 22. Raa1 Bg7 23. Rac1 Rg8 24. Re1 f5 25. Bf4 Rxf4 26. Re7 26...
Rxf3 {Malanga resigns} 0-1

[Event "ICS Rated blitz match"]
[Site "207.99.83.227"]
[Date "1999.05.10"]
[Round "?"]
[White "Hossa"]
[Black "KillerGrob"]
[Result "0-1"]
[WhiteElo "2408"]
[BlackElo "2790"]
[Annotator "Crafty v16.6"]
[PlyCount "73"]

{annotating for player ossa using a scoring margin of +0.20 pawns. search time
limit is 1:00} 1. e4 1... e5 2. f4 exf4 3. Nf3 d5 4. Nc3 dxe4 5. Nxe4 Qe7 6.
Qe2 Bg4 7. d3 Nc6 8. Bxf4 O-O-O 9. O-O-O Nb4 10. Be3 ({9:-1.20} 10. Be3 10...
Nxa2+ 11. Kb1 Nb4 12. Bxa7 b6 13. Nf2 Be6 14. Qe5 14... Nf6 $17) ({9:-0.06} 10.
Kb1 10... Nf6 11. Re1 Nxe4 12. Qxe4 Qxe4 13. Rxe4 Bc5 14. Be2 Rhe8 15. Ne5 Bxe2
16. Rxe2 $10) 10... Nxa2+ 11. Kb1 Nb4 12. h3 Bd7 13. Bc5 Qe6 14. Bxb4 Bxb4 15.
Qe3 Qa6 16. Qd4 Bf8 17. Nc5 Bxc5 18. Qxc5 Be6 19. Re1 ({10:-1.72} 19. Re1 19...
Qa2+ 20. Kc1 Nf6 21. Qa3 Qxa3 22. bxa3 Bd5 23. Nh4 Rhe8 24. Rxe8 Rxe8 25. Nf5
Re1+ 26. Kd2 $19) ({10:-1.23} 19. b3 19... Rd6 20. d4 Qb6 21. Qxb6 Rxb6 22. d5
Bf5 23. Bc4 Nf6 24. Rhe1 $17) 19... Qa2+ 20. Kc1 Nf6 21. c4 Rhe8 22. d4 ({
9:-2.33} 22. d4 22... Rd6 23. Qa3 Bxc4 24. Rxe8+ Nxe8 25. Qxa2 Bxa2 26. Bb5 Nf6
27. Re1 27... Bb3 $19) ({9:-1.99} 22. Be2 22... Bd7 23. Nd4 Ba4 24. Nc2 Kb8 25.
Qa3 Qxa3 26. bxa3 26... Bb3 $19) 22... Nd7 23. Qb5 ({9:-2.66} 23. Qb5 23... c6
24. Qb4 Nb6 25. Bd3 Bxc4 26. Rxe8 Rxe8 27. Bf5+ Kc7 28. Re1 $19) ({9:-2.38} 23.
Qb4 23... Nb6 24. d5 Bf5 25. Kd2 Rxe1 26. Kxe1 Qb1+ 27. Kf2 Qc2+ 28. Be2 28...
Re8 $19) 23... c6 24. Qb4 Bf5 25. Rxe8 ({9:-3.35} 25. Rxe8 25... Qb1+ 26. Kd2
Rxe8 27. Qb3 Nf6 28. Ne5 Ne4+ 29. Ke2 Qc1 30. Qe3 Qxb2+ 31. Kf3 $19) ({9:-2.76
} 25. Kd2 25... Rxe1 26. Kxe1 Nf6 27. h4 Qb1+ 28. Kf2 Ne4+ 29. Kg1 Ng3 30. Nd2
30... Qe1 $19) 25... Qb1+ 26. Kd2 Rxe8 27. Qb3 Nf6 28. Ne5 Ne4+ 29. Ke2 f6 30.
g4 Nc5 31. dxc5 Rxe5+ 32. Kf2 Qe1+ 33. Kg2 Be4+ 34. Kg1 Bxh1 35. Qd3 Be4 36.
Qa3 Rxc5 37. Qb3 0-1

[Event "ICS rated blitz match"]
[Site "207.99.83.227"]
[Date "1999.05.10"]
[Round "?"]
[White "Pseudorandom"]
[Black "Hossa"]
[Result "0-1"]
[WhiteElo "2184"]
[BlackElo "2405"]
[PlyCount "92"]

1. e4 e5 2. Nf3 Nf6 3. d4 exd4 4. e5 Ne4 5. Qxd4 d5 6. exd6 Nxd6 7. Nc3 Nc6 8.
Qa4 Be7 9. Be3 Bf6 10. O-O-O Bxc3 11. bxc3 O-O 12. Bd3 f5 13. Nd4 Bd7 14. Qb3+
Kh8 15. Ne6 Bxe6 16. Qxe6 Re8 17. Qd5 a5 18. h4 Qf6 19. Bd4 Qh6+ 20. Kb2 Rad8
21. Qf3 Ne5 22. Bxe5 Rxe5 23. g4 fxg4 24. Qxg4 Ne8 25. f4 Qb6+ 26. Ka1 Nf6 27.
Qg1 Rc5 28. h5 Rxh5 29. Qxb6 cxb6 30. Rxh5 Nxh5 31. f5 Nf4 32. Kb2 b5 33. Re1
h6 34. Re5 Rd5 35. Re7 Nxd3+ 36. cxd3 b6 37. Kc2 Rxf5 38. Re6 Rf2+ 39. Kb3 Rf6
40. Re5 g5 41. d4 g4 42. d5 g3 43. Re3 g2 44. Rg3 a4+ 45. Kb4 Rf2 46. a3 46...
Rb2# {Pseudorandom checkmated} 0-1

[Event "ICS rated blitz match"]
[Site "207.99.83.227"]
[Date "1999.05.10"]
[Round "?"]
[White "Mysterios"]
[Black "Hossa"]
[Result "1-0"]
[WhiteElo "2497"]
[BlackElo "2412"]
[Annotator "Crafty v16.6"]
[PlyCount "68"]

{annotating for player ossa using a scoring margin of +0.20 pawns. search time
limit is 1:00} 1. Nf3 1... d5 2. d4 Nf6 3. c4 c6 4. Nc3 dxc4 5. a4 Qa5 6. Bd2
Be6 7. e4 Qb6 8. Qc2 Nbd7 9. a5 Qb3 10. Qc1 Rd8 ({10:-2.41} 10... Rd8 11. Ra3
Qb4 12. Nd5 Qxd2+ 13. Nxd2 cxd5 14. exd5 Bxd5 15. Nxc4 Ne4 16. Bd3 $18) ({
10:-1.63} 10... Rc8 11. Ra3 Qb4 12. Ra4 Qb3 13. d5 cxd5 14. Nd4 Qxa4 15. Nxa4
Nxe4 16. Nxe6 16... fxe6 $18) 11. Ra3 Qb4 12. e5 c5 ({10:-2.98} 12... c5 13.
exf6 cxd4 14. Nxd4 exf6 15. Nxe6 fxe6 16. Be2 Bd6 17. Ra4 Qc5 18. O-O $18) ({
10:-2.47} 12... Ng4 13. Nd5 Qxd2+ 14. Nxd2 cxd5 15. Be2 Bf5 16. Bxg4 Bxg4 17.
Rg3 Bf5 18. O-O $18) 13. exf6 cxd4 14. Nxd4 exf6 15. Ne4 Qe7 16. Nxe6 fxe6 ({
11:-4.09} 16... fxe6 17. Bxc4 Qf7 18. Rd3 Qg6 19. Ng3 Rc8 20. Rxd7 Qg4 21. Rxb7
21... Rxc4 $18) ({11:-3.27} 16... Qxe6 17. Re3 Be7 18. Qxc4 Ne5 19. Qxe6 fxe6
20. f4 Ng4 21. Rg3 Rd4 22. Bb5+ Kf7 23. Rxg4 23... Rxe4+ $18) 17. Bxc4 Ne5 ({
10:-4.34} 17... Ne5 18. Bb5+ Kf7 19. O-O Rd5 20. Rb3 a6 21. Be2 Nc6 22. Qe1
22... Nd4 $18) ({10:-4.09} 17... Qf7 18. Re3 Be7 19. O-O a6 20. Rb3 Nc5 21.
Nxc5 Bxc5 22. Bd3 22... Bd4 $18) 18. Bb5+ Kf7 19. f4 Rd4 20. Qc2 Nd7 ({9:-3.54
} 20... Nd7 21. Bc4 g6 22. O-O Nc5 23. Re3 Qd7 24. Nxc5 Bxc5 25. Bxe6+ Qxe6 26.
Rxe6 Kxe6 27. Qxc5 27... Rxd2 $18) ({9:-3.17} 20... Ng4 21. Rc3 Kg8 22. h3 Nh6
23. O-O Rd5 24. Rc7 Rxb5 25. Rxe7 25... Bxe7 $18) 21. Bc3 Rd5 22. Qe2 Nc5 23.
Bc4 Nxe4 24. Qxe4 f5 ({9:-3.56} 24... f5 25. Qe2 Rc5 26. Rb3 Rc6 27. Bb5 Rc5
28. O-O 28... Qh4 $18) ({9:-3.35} 24... Qd6 25. Qf3 Qd7 26. Bxd5 exd5 27. Rb3
Bc5 28. Qh5+ 28... Kg8 $18) 25. Qe2 Rd8 ({9:-4.80} 25... Rd8 26. Rb3 Qh4+ 27.
g3 Qe7 28. Rb5 Rd6 29. Rxf5+ Ke8 30. Bb5+ Kd8 31. Rc5 $18) ({9:-3.58} 25... Qc7
26. Rb3 Bc5 27. Qh5+ g6 28. Qh3 Rd4 29. Bd3 e5 30. Bxd4 30... Bxd4 $18) 26. Rb3
Re8 27. Rb5 Kg6 28. Re5 Qf6 ({9:-7.18} 28... Qf6 29. Re3 Bb4 30. Bxb4 Kf7 31.
O-O Qd4 32. Qh5+ g6 33. Qe2 $18) ({9:-5.54} 28... Qh4+ $18) 29. Bxe6 Kh6 ({
9:-5.97} 29... Kh6 30. Bxf5 Rxe5 31. Qxe5 Bd6 32. Qxf6+ gxf6 33. Rf1 Re8+ 34.
Kd2 Rd8 35. Ke3 Bc5+ 36. Ke4 $18) ({9:-5.06} 29... Bd6 30. Bxf5+ Qxf5 31. Rxe8
Rxe8 32. Qxe8+ Kh6 33. Be5 Bb4+ 34. Kf2 Bxa5 35. Qh8 35... Qg4 $18) 30. Rxf5
Qxf5 31. Bxf5 Rxe2+ 32. Kxe2 Bd6 33. Kf3 Rf8 34. g4 Rf7 1-0